Statistics for JR西日本 関西エリアの定期快速列車

Click here to take the quiz!

General Stats

  • This quiz has been taken 101 times
  • The average score is 32 of 35

Answer Stats

ヒントAnswer% Correct
JR神戸線新快速
100%
山陽本線新快速
100%
北陸本線新快速
100%
湖西線新快速
100%
JR京都線新快速
100%
琵琶湖線新快速
100%
大和路線大和路快速
98%
大阪環状線大和路快速
98%
大阪環状線紀州路快速
95%
阪和線紀州路快速
95%
嵯峨野線・山陰本線快速
94%
JR宝塚線快速
94%
大阪環状線快速
94%
きのくに線快速
94%
阪和線快速
94%
和歌山線快速
94%
大和路線快速
94%
JR京都線快速
94%
学研都市線・JR東西線快速
94%
JR神戸線快速
94%
湖西線快速
94%
奈良線快速
94%
大阪環状線関空快速
92%
阪和線・関西空港線関空快速
92%
JR宝塚線区間快速
86%
大阪環状線区間快速
86%
奈良線区間快速
86%
阪和線区間快速
86%
学研都市線・JR東西線区間快速
86%
大和路線区間快速
86%
奈良線みやこ路快速
83%
JR宝塚線丹波路快速
78%
大阪環状線直通快速
71%
おおさか東線直通快速
71%
阪和線・関西空港線直通快速
71%

Score Distribution

Percentile by Number Answered

Percent of People with Each Score

Your Score History

You have not taken this quiz